Gares sur la ligne de Bayonne à St-Jean-PDP - Statistiques

Statistiques générales
  • Ce quiz a été pris 28 fois
  • Le résultat moyen est 4 sur 9
Statistiques - réponses
Gare % Correct
Bayonne
96%
Saint-Jean-Pied-de-Port
79%
Ustaritz - Jatxou
57%
Cambo-les-Bains
46%
Villefranque
36%
Itxassou
32%
Halsou - Larressore
25%
Bidarray-Pont-Noblia
21%
Ossès - Saint-Martin-d'Arrossa
21%
Aucun quiz correspondant
Distribution des résultats
% des personnes avec chaque résultat
Percentile par nombre de réponses
Votre historique - résultats
Vous n’avez pas pris ce quiz